• 首页
  • 本馆介绍
  • 公告通知
  • 最新文献
  • 馆藏检索
  • 电子资源
  • 读者导购
  • 参考咨询
  • 我的图书馆
  • 登录
  • 详细信息显示
  • 放入我的书架
  • 预约/预借图书
  • 作者相关作品
  • 分类相关作品
  • 丛书相关作品
  • 出版社相关作品

书目信息

  • 表格格式
  • 工作单格式
  • 卡片格式
题名:
高分子材料基础
    
 
作者: 周冀 主编
分册:  
出版信息: 北京   国防工业出版社  2007.07
页数: 325页
开本: 26cm
丛书名:
单 册:
中图分类: TB324
科图分类:
主题词: 工程材料 , 非金属材料
电子资源:
ISBN: 978-7-118-05192-6
000 00564nam0 2200205 450
001 0938333162
005 20091214104016.20
010    @a978-7-118-05192-6@dCNY35.00
100    @a20091214d2007 km y0chiy0120 ea
101 0  @achi
102    @aCN@b110000
200 1  @a高分子材料基础@Agao fen zi cai liao ji chu@f周冀主编@Fzhou ji zhu bian
210    @a北京@c国防工业出版社@d2007.07
215    @a325页@d26cm
606 0  @a工程材料
606 0  @a非金属材料
690    @aTB324@v4
701  0 @a周冀@Azhou ji@4主编
801  0 @aCN@bNISOFT@c20091214
905    @aBZT@dTB324@e2
    
    高分子材料基础/周冀主编.-北京:国防工业出版社,2007.07
    325页;26cm
    
    
    ISBN 978-7-118-05192-6:CNY35.00
    
●
相关链接 在五车中查询图书 在当当中查询图书 在豆瓣中查询图书


正题名:高分子材料基础     索取号:TB324/2         预约/预借

序号 登录号 条形码 馆藏地/架位号 状态 备注
1 726964   2000726964   样本书库/样003架B面5层1列/ [索取号:TB324/2] 在馆    
2 726965   2000726965   中心书库中库/ 中库030架B面3列2层25/ [索取号:TB324/2] 在馆    
3 726966   2000726966   中心书库中库/ 中库030架B面3列2层28/ [索取号:TB324/2] 在馆    
4 726967   2000726967   中心书库中库/ 中库030架B面3列2层24/ [索取号:TB324/2] 在馆    
5 726968   2000726968   中心书库中库/ 中库030架B面3列2层27/ [索取号:TB324/2] 在馆    
6 726969   2000726969   中心书库中库/ 中库030架B面3列2层26/ [索取号:TB324/2] 在馆    
山东省滨州职业学院图书馆 欢迎您!
大连网信软件有限公司© 版权所有